000
00331cam a2200145ua 4500
041
_a
eng
_h
082
_a
821
_b
ELI/FO
100
_a
Eliot, T S .
245
_a
Four quarters /
_c
T S Eliot.
_h
Textual Documents
260
_a
London :
_b
Faber and Faber Ltd.
300
_a
59 ; .
504
_a
942
_c
BK
999
_c
5862
_d
5862